Learning Resource and Development

Assessment of the student internship program of the Bachelor of Science in Office Administration students in Camarines Sur Polytechnic Colleges Buhi Campus / (Record no. 27511)

MARC details
000 -LEADER
fixed length control field 02925nam a2200301 a 4500
003 - CONTROL NUMBER IDENTIFIER
control field CSPC
005 - DATE AND TIME OF LATEST TRANSACTION
control field 20251006104853.0
007 - PHYSICAL DESCRIPTION FIXED FIELD--GENERAL INFORMATION
fixed length control field ta
008 - FIXED-LENGTH DATA ELEMENTS--GENERAL INFORMATION
fixed length control field 240424s2023 ph a m 000 0deng d
090 ## - LOCALLY ASSIGNED LC-TYPE CALL NUMBER (OCLC); LOCAL CALL NUMBER (RLIN)
Classification number (OCLC) (R) ; Classification number, CALL (RLIN) (NR) UTH BSOA M544a 2023
100 1# - MAIN ENTRY--PERSONAL NAME
Personal name Merilles, Maria Lora Cheena A.
245 10 - TITLE STATEMENT
Title Assessment of the student internship program of the Bachelor of Science in Office Administration students in Camarines Sur Polytechnic Colleges Buhi Campus /
Statement of responsibility, etc. Maria Lora Cheena A. Merilles, Nova Mae N. NiƱofranco, and Angela C. Oliveros.
260 ## - PUBLICATION, DISTRIBUTION, ETC.
Place of publication, distribution, etc. Buhi, Camarines Sur :
Name of publisher, distributor, etc. Camarines Sur Polytechnic Colleges,
Date of publication, distribution, etc. 2023.
300 ## - PHYSICAL DESCRIPTION
Extent 107 leaves.
336 ## - CONTENT TYPE
Source rdacontent
Content type term text
337 ## - MEDIA TYPE
Source rdamedia
Media type term unmediated
338 ## - CARRIER TYPE
Source rdacarrier
Carrier type term volume
502 ## - DISSERTATION NOTE
Dissertation note Undergraduate Thesis (BSOA)- Office Administration
Name of granting institution Camarines Sur Polytechnic Colleges, 2023.
520 3# - SUMMARY, ETC.
Summary, etc. Internship is a form of experiential learning that integrates theory and knowledge learned in the classroom with practical application and skill development in a professional setting. This study is about the Assessment of the Student Internship Program of the Bachelor of Science in Office Administration students in Camarines Sur Polytechnic Colleges, Buhi Campus with the subject of the perceived level of effectiveness, problems encountered by the student trainers along with verbal communication skills, written communication skills, critical thinking skills, interpersonal skills, time management skills, the advantages of the student internship program for the student's future career, and the proposed recommendations to enhance the skills of the students. Sixty (60) respondents from the Bachelor of Science in Office Administration Students in Camarines Sur Polytechnic Colleges, Buhi Campus who were systematically chosen. The descriptive method was used to attain the objectives. The instrument used in this study was a research-made survey questionnaire conducted online for data collection and was interpreted using weighted mean, 4-point Likert scale type, and rank ordering method. The result showed that the perceived level of effectiveness of the respondents in terms of verbal communication skills, written communication skills, critical thinking skills, interpersonal skills, and time management skills were all rated as sometimes encountered. Additionally, there are advantages of the student internship program for the student's future career and there are proposed recommendations to enhance the skills of the students.
700 1# - ADDED ENTRY--PERSONAL NAME
Personal name NiƱofranco, Nova Mae N.,
Relator term author.
700 1# - ADDED ENTRY--PERSONAL NAME
Personal name Oliveros, Angela C.,
Relator term author.
720 1# - ADDED ENTRY--UNCONTROLLED NAME
Name Oliveros, Josefin N.,
Relator term adviser.
720 1# - ADDED ENTRY--UNCONTROLLED NAME
Name Escuro, Jessibel L.,
Relator term panelist, chair.
720 1# - ADDED ENTRY--UNCONTROLLED NAME
Name Villar, Mariber M.,
Relator term panelist.
720 2# - ADDED ENTRY--UNCONTROLLED NAME
Name Estrebello, Genevie A.,
Relator term panelist.
942 ## - ADDED ENTRY ELEMENTS (KOHA)
Source of classification or shelving scheme Dewey Decimal Classification
Suppress in OPAC No
Koha item type Unpublished Materials
Classification part M544a
Call number prefix UTH
Call number suffix 2023
Holdings
Withdrawn status Lost status Source of classification or shelving scheme Damaged status Not for loan Home library Current library Shelving location Date acquired Total Checkouts Full call number Barcode Date last seen Copy number Price effective from Koha item type
    Dewey Decimal Classification   Not For Loan Buhi Campus Buhi Campus Undergraduate Thesis Section 04/24/2024   UTH BSOA M544a 2023 00064UM-BUH 04/24/2024 1-2 04/24/2024 Unpublished Materials
    Dewey Decimal Classification   Not For Loan Buhi Campus Buhi Campus Undergraduate Thesis Section 05/14/2024   UTH BSOA M544a 2023 00109UM-BUH 05/14/2024 2-2 05/14/2024 Unpublished Materials